|
|
|
|
| LEADER |
00737nam a2200253 a 4500 |
| 001 |
adlib96000001 |
| 003 |
ViArRB |
| 005 |
20151026130703.0 |
| 008 |
960221s1955 dcuabcdjdbkoqu001 0deng d |
| 020 |
|
|
|
| 022 |
|
|
|
| 040 |
|
|
|a Adlib
|
| 082 |
|
|
|
| 245 |
|
|
|a Marine biodeterioration: Advanced techniques applicable to the IndianOcean
|
| 250 |
|
|
|
| 260 |
|
|
|a New Delhi
|b Oxford University
|c 1988
|
| 300 |
|
|
|a xxxi,826p
|
| 500 |
|
|
|a Ref. at the end of each chap.
|
| 100 |
|
|
|a Frances, Mary
|e d by
|
| 700 |
|
|
|
| 942 |
|
|
|c BK
|6 _
|
| 653 |
|
|
|a marine biodeterioration
|a indian ocean
|
| 999 |
|
|
|c 10693
|d 10693
|
| 952 |
|
|
|0 0
|1 0
|4 0
|6 57926267368168_
|7 0
|9 22147
|a UL
|b UL
|d 2010-06-16
|o 579.26(267):368.168
|p 00038835
|r 2010-06-16
|w 2010-06-16
|y BK
|